| 000 | 00631nam a2200229 i 4500 | ||
|---|---|---|---|
| 001 | 106010 | ||
| 003 | ES-MaACL | ||
| 007 | t| | ||
| 008 | 060920s1959 fr ||||1| fre d | ||
| 080 | _a343.255 | ||
| 080 | _a341.322(44)(093.3) | ||
| 245 | 0 | 3 | _aLa gangrène. |
| 260 |
_aParis : _bLes Editions de Minuit, _c[1959] |
||
| 300 |
_a101 p. ; _c19 cm. |
||
| 490 | 1 | _aDocuments | |
| 500 | _aBiblioteca Juan Andrade. | ||
| 650 | 1 | 4 |
_aTortura. _917568 |
| 650 | 1 | 4 |
_aCrÃmenes de guerra- _zFrancia- _vRelatos personales. _911420 |
| 830 | 0 |
_aDocuments _9185136 |
|
| 852 |
_aES-MaACL _jAND-755 _bR.110051 |
||
| 999 |
_c106010 _d106010 |
||